La Constitución Política Mexicana con todas sus adiciones y reformas
Zapisane w:
| 1. autor: | |
|---|---|
| Format: | Książka |
| Język: | hiszpański |
| Wydane: |
Ciudad de México
Herrero Hermanos
1901
|
| Hasła przedmiotowe: | |
| Etykiety: |
Dodaj etykietę
Nie ma etykietki, Dołącz pierwszą etykiete!
|
MARC
| LEADER | 00000nam a2200000 a 4500 | ||
|---|---|---|---|
| 001 | UCT9676 | ||
| 003 | CL-VaPUC | ||
| 008 | 970411e19010000MX |||||||||||||||||spa|d | ||
| 082 | 0 | 4 | |a 342.72 |b GAR |2 21 |
| 100 | 0 | |a García, Genaro |e author |9 382587 | |
| 245 | 1 | 3 | |a La Constitución Política Mexicana con todas sus adiciones y reformas |
| 300 | |a 155 p | ||
| 942 | |c BK | ||
| 945 | |d 19970411 00:00:00 |a paguirre | ||
| 260 | |a Ciudad de México |b Herrero Hermanos |c 1901 | ||
| 650 | 0 | |a Constituciones |9 255417 | |
| 650 | 0 | |a Derecho constitucional |9 222588 | |
| 650 | 0 | |a Parlamento |9 338611 | |
| 650 | 0 | |a Poder ejecutivo |9 255177 | |
| 650 | 0 | |a Derechos civiles y políticos |9 338684 | |
| 650 | 0 | |a Ciudadanía |9 258339 | |
| 650 | 0 | |a Nacionalidad |9 357571 | |
| 650 | 0 | |a Extranjeros |9 358057 | |
| 650 | 0 | |a Soberanía |9 266726 | |
| 650 | 0 | |a Federalismo |9 313886 | |
| 651 | 0 | |a México |9 255269 | |
| 583 | |a last modification |c 19970411 00:00:00 |k Rodrigo Vera | ||
| 999 | |c 258055 |d 258053 | ||
| 952 | |0 0 |1 0 |4 0 |6 342_720000000000000_GAR_1901 |7 0 |8 A |9 281843 |a BIBDER |b BIBDER |d 2019-11-19 |i 182855K |o 342.72 GAR 1901 |p 182855K |r 2023-01-25 |w 2019-11-19 |y BK |k DER | ||